| 000 | 00930nas a2200301 4500 | ||
|---|---|---|---|
| 001 | BR0505326 | ||
| 003 | BR-BrBNA | ||
| 005 | 20231205105716.0 | ||
| 007 | ta | ||
| 008 | 230509b bl.|||p| |||| 00| 00por d | ||
| 040 |
_aBR-BrBNA _bpor _cBiblioteca Nacional de Agricultura |
||
| 041 | _a(Pt) | ||
| 072 | _aE70; E71; E16 | ||
| 100 | 1 | _aFuscaldi, K. da C. | |
| 100 | 1 | _aPrado, G.R. | |
| 245 | 1 | _aAnálise econômica da cultura do feijão | |
| 650 | _aFEIJÃO | ||
| 650 | _aESTATÍSTICA DE PRODUÇÃO | ||
| 650 | _aSAFRA | ||
| 650 | _aPRODUTIVIDADE | ||
| 650 | _aCOMÉRCIO EXTERIOR | ||
| 650 | _aMERCADO INTERNACIONAL | ||
| 650 | _aMERCADO NACIONAL | ||
| 773 | 0 |
_tRevista de Política Agrícola (Brazil) _xISSN 1413-4969 _g(Jan-Mar 2005), v. 14(1) p. 17-30 _wBR0505326 |
|
| 856 | 4 |
_uRev_Pol_Agr_v14_n1-2005.pdf#page=18 _yRecurso eletrônico (PDF) |
|
| 909 |
_a202311 _bLúcia _c55 _dLúcia Elande |
||
| 942 |
_2AGRIS _n0 _cANA |
||
| 999 |
_c184274 _d184274 |
||